| 000 | 00957pam a2200289 a 4500 | ||
|---|---|---|---|
| 001 | 1964958 | ||
| 005 | 20221031133008.0 | ||
| 008 | 880516s1988 nyuaf b 001 0 eng | ||
| 010 | _a 88018069 | ||
| 020 | _a9780231067379 | ||
| 040 |
_aDLC _cDLC _dDLC |
||
| 043 | _aa-ja--- | ||
| 050 | 0 | 0 |
_aPL726.1 _b.K44 1988 |
| 082 | 0 | 0 |
_a895.609 _bKEE |
| 100 | 1 |
_aKeene, Donald. _9101754 |
|
| 245 | 1 | 4 |
_aThe pleasures of Japanese literature / _cDonald Keene. |
| 260 |
_aNew York : _bColumbia University Press, _cc1988. |
||
| 300 |
_axii, 133 p., [4] p. of plates : _bcol. ill. ; _c21 cm. |
||
| 440 | 0 |
_aCompanions to Asian studies _9101987 |
|
| 500 | _aIncludes index. | ||
| 504 | _aBibliography: p. [123]-126. | ||
| 650 | 0 |
_aJapanese literature _yTo 1868 _xHistory and criticism. _9101988 |
|
| 650 | 0 |
_aTheater _zJapan _xHistory. _9101989 |
|
| 650 | 0 |
_aAesthetics, Japanese. _933595 |
|
| 906 |
_a7 _bcbc _corignew _d1 _eocip _f19 _gy-gencatlg |
||
| 942 |
_2ddc _cBK |
||
| 999 |
_c592155 _d592155 |
||